Applied operational research with SAS
Αποθηκεύτηκε σε:
| Κύριος συγγραφέας: | |
|---|---|
| Άλλοι συγγραφείς: | |
| Μορφή: | Βιβλίο |
| Γλώσσα: | English |
| Δημοσίευση: |
Boca Raton :
CRC Press,
c2012.
|
| Θέματα: | |
| Ετικέτες: |
Προσθήκη ετικέτας
Δεν υπάρχουν, Καταχωρήστε ετικέτα πρώτοι!
|
MARC
| LEADER | 00000cam a2200000 i 4500 | ||
|---|---|---|---|
| 001 | 1/28379 | ||
| 008 | 130412s2012 flu| ||| |||| ||eng|| | ||
| 020 | |a 9781439841303 |q (σκληρό εξώφυλλο) | ||
| 035 | |l 10114185 | ||
| 040 | |a GR-MyUa |b gre |e AACR2 | ||
| 041 | 0 | |a eng | |
| 082 | 7 | |a 658.4032 |2 (22) | |
| 100 | 1 | |a Emrouznejad, Ali. | |
| 245 | 1 | 0 | |a Applied operational research with SAS / |c Ali Emrouznejad, William Ho. |
| 260 | |a Boca Raton : |b CRC Press, |c c2012. | ||
| 300 | |a xiv, 270 σ. : |b πίν., σχέδια ; |c 24 εκ. | ||
| 504 | |a Βιβλιογραφία: σ.261-263. Ευρετήριο. | ||
| 630 | 0 | 0 | |a SAS (Computer file) |
| 650 | 0 | |a Operations research |x Data processing. | |
| 700 | 1 | |a Ho, William. | |
| 852 | |a INST |b CHIOS |e 20130819 |h 658.4032 EMR |p 005200034792 |q 005200034792 |t BK |y 0 | ||
| 852 | |a INST |b CHIOS |e 20130412 |h 658.4032 EMR |p 005200035434 |q 005200035434 |t BK |y 0 | ||
| 901 | |a BIBL2-2013-1 | ||
| 901 | |a BIBL2-2013-2 | ||
| 922 | |a 2ΕΛΗ |b 201307 |c ΤΑΚ/ΤΔΕ |d ΔΡΕΣ | ||
| 970 | |a ΣΠΕΝΤΖΑ |b ΕΛΕΝΗ |z 2013/04/12 | ||